| 000 | 00354nam a22001337a 4500 | ||
|---|---|---|---|
| 999 |
_c4456 _d4456 |
||
| 008 | 200804b ||||| |||| 00| 0 eng d | ||
| 082 | 0 | 0 |
_a005.7565 _bJ762 |
| 100 |
_93278 _aJones, Edward |
||
| 245 | 1 | 0 |
_aUsing dBaseIII plus / _cby Edward Jones |
| 260 |
_aOsborne: _bMcGraw-Hill, _c1987. |
||
| 300 | _a516 p. | ||
| 650 | 0 | _aDatabase Management | |
| 942 | _cBK | ||